000 00700nam a2200253Ia 4500
003 OSt
005 20220918202221.0
006 a|||||r|||| 00| 0
007 ta
008 220917b |||||||| |||| 00| 0 eng d
024 _a99,599
037 _cTextual
040 _aARTS
_cARTS
_beng
041 _2eng
_aeng
082 _aV2:47.N7, L6
100 _aDubey S N
_9102785
245 0 _aAdministration of policy and programmes for Backward classes in India
260 _aBombat
_bSomaiya
_c1976
300 _aix,279p.
_ccm.
650 _aHISTORY
700 _a Murdia Ratna
_9102786
942 _hV2:47.N7, L6
_cTEXL
_2CC
999 _c223175
_d223175